000 01403cam a22003254a 4500
005 20260322212005.0
008 data
010 _a 00062928
020 _a0375411518
020 _a9780375411519
040 _aDLC
_cDLC
_dDLC
042 _apcc
050 0 0 _aTX651
_b.C523 2000
082 0 0 _a641.5
_221
092 _a641.5 Chi 2000
100 1 _aChild, Julia.
245 1 0 _aJulia's kitchen wisdom :
_bessential techniques and recipes from a lifetime of cooking /
_cJulia Child & David Nussbaum.
250 _a1st ed.
260 _aNew York :
_bKnopf,
_c2000.
300 _ax, 127 p., [8] p. of plates :
_bill. (some col.) ;
_c22 cm.
650 0 _aCooking.
700 1 _aNussbaum, David.
856 4 2 _3Contributor biographical information
_uhttp://www.loc.gov/catdir/bios/random051/00062928.html
856 4 1 _3Sample text
_uhttp://www.loc.gov/catdir/samples/random042/00062928.html
856 4 2 _3Publisher description
_uhttp://www.loc.gov/catdir/description/random045/00062928.html
906 _a7
_bcbc
_corignew
_d1
_eocip
_f20
_gy-gencatlg
925 0 _aacquire
_b2 shelf copies
_xpolicy default
001 data
999 _c87
_d87